Pologne au Concours Eurovision de la Chanson - Statistiques

Statistiques générales
  • Ce quiz a été pris 43 fois
    9 depuis la dernière actualisation
  • Le résultat moyen est 10 sur 15
Statistiques - réponses
Questions Réponses % Correct
Combien de fois a-t-elle gagné l'Eurovision ? 0
100%
Combien de fois la Pologne a-t-elle terminé à la dernière place ? 1
100%
En combien de langues différentes la Pologne a-t-elle chanté ? (seuls quelques mots dans la chanson suffisent) 5
100%
Combien de fois la Pologne s'est-elle qualifiée à la grande finale depuis la mise en place des demi-finales en 2004 ? 8
100%
Depuis quelle année la Pologne participe-t-elle au concours ? 1994
88%
Combien de fois s'est-elle retirée du concours ? 4
88%
Qui a représenté la Pologne à l'Eurovision 2024? Luna
75%
A quel pays la Pologne a-t-elle donné le plus de points en finale depuis ses débuts ? Ukraine
75%
En quelle année toutes ces langues se sont-elles retrouvées dans la même chanson ? 2006
63%
Et reçu ? Allemagne
63%
Ich Troje, en 2003, participe aux sélections nationales de la Pologne, mais également d'un autre pays, lequel ? Allemagne
63%
Depuis 2010, quel interprète a obtenu la plus haute place ? Michał Szpak
38%
Quel interprète a obtenu la plus haute place de la Pologne en 1994, lors de ses débuts ? Edyta Górniak
25%
Quelle chanson a fait sensation à l'Eurovision 2014, jouant sur le côté sensuel de la chanson ? My Słowianie
25%
Qui est le commentateur polonais historique de l'Eurovision (il a commenté toutes les éditions où la Pologne était présente, sauf une) ? Artur Orzech
0%
Aucun quiz correspondant
Distribution des résultats
% des personnes avec chaque résultat
Percentile par nombre de réponses
Votre historique - résultats
Vous n’avez pas pris ce quiz depuis la dernière actualisation